NBA All-Stars who played for Kentucky Wildcats - Statistics

General Stats
  • This quiz has been taken 200 times
  • The average score is 5 of 13
Answer Stats
Year Rd Pick Pos Drafted By Answer % Correct
2015 1 1 C Minnesota Timberwolves Karl-Anthony Towns
97%
2010 1 1 PG Washington Wizards John Wall
95%
2012 1 1 PF/C New Orleans Hornets Anthony Davis
89%
2010 1 5 C/PF Sacramento Kings Demarcus Cousins
83%
1996 1 6 PF/SF Boston Celtics Antoine Walker
37%
2006 1 21 PG Phoenix Suns Rajon Rondo
32%
1993 1 4 SF/SG Dallas Mavericks Jamal Mashburn
30%
1970 8 122 F Detroit Pistons Dan Issel
20%
1953 3 21 G Boston Celtics Cliff Hagan
10%
2000 1 19 C/PF Charlotte Hornets Jamaal Magloire
10%
1967 4 38 G Cincinnati Royals Louie Dampier
7%
1949 2 22 G Chicago Stags Ralph Beard
7%
1949 1 2 F Indianapolis Olympians Alex Groza
6%
No matching quizzes found
Score Distribution
Percent of People with Each Score
Percentile by Number Answered
Your Score History
You have not taken this quiz